=LDR 00000nam 2200000 4500 =001 NUTBA000000000005126 =005 20141022085901.0 =006 =007 =008 =020 ##$$a 978-602-9227-05-5 =035 ##$$a 0010-101400000000356 =040 ##$$a NBPDMAT =082 ##$$a 738.095 985 31 =090 ##$$a 738.095 985 31 $b And k =100 ##$$a Anders Watimurry =245 ##$$a Kerajinan keramik dan gerabah lombok/ $c Anders Watimurry ; editor, Andarini Saptika =250 ##$$a Cet. 2 =260 ##$$a Jakarta : $b Wadah Ilmu, $c 2011 =300 ##$$a vi, 71 hlm. : $b ilus. ; $c 24 cm. =500 ##$$a Bibliografi : hlm. 71 =650 ##$$a Keramik-Lombok =700 ##$$a Andarini Saptika =850 ##$$a NBPDMAT =990 ##$$a 7202403295 =990 ##$$a 21411822 =990 ##$$a 21411823 =990 ##$$a 21411825 =990 ##$$a 21411826